00561nam a2200181Ia 4500003000400000005001700004008004100021040000700062041000800069082001600077100005600093245012400149260004200273300001200315365001100327650002300338650001800361OSt20250901151309.0210719s2003 xx 000 0 und d cAL akan aK894.4 AHMN aAHMAD ANVARdಅಹ್ಮದ್ ಅನ್ವರ್  aNanna kanasina bharata: lekhana sankalanabನನ್ನ ಕನಸಿನ ಭಾರತ : ಲೇಖನ ಸಂಕಲನ  aMangaLurubVichara Prakashana.,c2003 a116bPB b35cRs aKannada literature aKannada Prose